000
00292nam a22001217a 4500
008
170726b xxu||||| |||| 00| 0 eng d
041
_a
eng
080
_a
61
100
_a
27
101
_a
IM
245
_a
LAPLACE AND FOURIER TRANSFORMS FOR ELECTRICAL ENGINEERS
_c
CRAIG,E.J
942
_2
udc
_c
BK
999
_c
21962
_d
21962